| Tag |
First Indicator |
Second Indicator |
Subfields |
| LEADER |
00000cam a22000005i 4500 |
| 001 |
in00003725921 |
| 005 |
20210728130036.0 |
| 006 |
m o d |
| 007 |
cr nn 008mamaa |
| 008 |
151201s2007 xxu| o |||| 0|eng d |
| 020 |
|
|
|a 9780230608832
|9 978-0-230-60883-2
|
| 024 |
7 |
|
|a 10.1057/9780230608832
|2 doi
|
| 035 |
|
|
|a (DE-He213)978-0-230-60883-2
|
| 035 |
|
|
|a 5308956
|
| 040 |
|
|
|d UtOrBLW
|
| 043 |
|
|
|a n------
|
| 072 |
|
7 |
|a AN
|2 bicssc
|
| 072 |
|
7 |
|a PER011000
|2 bisacsh
|
| 082 |
0 |
4 |
|a 792
|2 23
|
| 090 |
|
|
|a PS338.P6
|b S235 2007
|
| 100 |
1 |
|
|a Saal, Ilka,
|e author.
|0 http://id.loc.gov/authorities/names/no2003045605
|
| 245 |
1 |
0 |
|a New Deal Theater :
|b The Vernacular Tradition in American Political Theater /
|c by Ilka Saal.
|
| 264 |
|
1 |
|a New York :
|b Palgrave Macmillan US :
|b Imprint: Palgrave Macmillan,
|c 2007.
|
| 300 |
|
|
|a 1 online resource (244 pages)
|
| 336 |
|
|
|a text
|b txt
|2 rdacontent
|
| 337 |
|
|
|a computer
|b c
|2 rdamedia
|
| 338 |
|
|
|a online resource
|b cr
|2 rdacarrier
|
| 347 |
|
|
|a text file
|b PDF
|2 rda
|
| 500 |
|
|
|a Electronic resource.
|
| 520 |
|
|
|a New Deal Theater recovers a much ignored model of political theater for cultural criticism.While considered to be less radical in its aesthetics and politics than its celebrated Weimar and Soviet cousins, it nonetheless proved to be highly effective in asserting cultural critique. In this regard it offers a vital alternative to the dominant modernist paradigm developed in Europe. Rather than radicalizing content and form, New Deal theater insisted that the political had to be made commensurable with the language of a mass audience steeped in consumer culture.The resulting vernacular praxis emphasized empathy over alienation, verisimilitude over abstraction. By examining the cultural vectors that shaped this theater, Saal shows why it was more successful on the American stage than its European counterpart and develops a theory of vernacular political theater which can help us think of the political in art in other than modernist terms.
|
| 650 |
1 |
4 |
|a Cultural and Media Studies.
|
| 650 |
2 |
4 |
|a North American Literature.
|
| 650 |
2 |
4 |
|a Political Science.
|
| 650 |
2 |
4 |
|a Theatre History.
|
| 650 |
2 |
4 |
|a Theatre and Performance Studies.
|
| 650 |
2 |
4 |
|a Twentieth-Century Literature.
|
| 650 |
|
0 |
|a Culture
|x Study and teaching.
|0 http://id.loc.gov/authorities/subjects/sh93005685
|
| 650 |
|
0 |
|a Literature, Modern
|y 20th century.
|0 http://id.loc.gov/authorities/subjects/sh85077559
|
| 650 |
|
0 |
|a Political science.
|0 http://id.loc.gov/authorities/subjects/sh85104440
|
| 650 |
|
0 |
|a Theater
|x History.
|0 http://id.loc.gov/authorities/subjects/sh85134531
|
| 650 |
|
0 |
|a Theater.
|0 http://id.loc.gov/authorities/subjects/sh85134522
|
| 651 |
|
0 |
|a America
|v Literatures.
|0 http://id.loc.gov/authorities/subjects/sh85004276
|
| 655 |
|
7 |
|a Electronic books.
|2 local
|
| 710 |
2 |
|
|a SpringerLink (Online service)
|0 http://id.loc.gov/authorities/names/no2005046756
|
| 773 |
0 |
|
|t Springer eBooks
|
| 776 |
1 |
8 |
|i Printed edition:
|z 9781349538065
|
| 856 |
4 |
0 |
|u http://proxy.library.tamu.edu/login?url=https://dx.doi.org/10.1057/9780230608832
|z Connect to the full text of this electronic book
|t 0
|
| 999 |
f |
f |
|s 38832af7-eb5d-38ff-9f58-38fb3b916205
|i a81b8692-bc81-3045-ac12-ecb97c949908
|t 0
|
| 952 |
f |
f |
|a Texas A&M University
|b College Station
|c Electronic Resources
|d Available Online
|t 0
|e PS338.P6 S235 2007
|h Library of Congress classification
|
| 998 |
f |
f |
|a PS338.P6 S235 2007
|t 0
|l Available Online
|